000 00506nam a2200181Ia 4500
003 OSt
005 20201001114338.0
008 190216s9999||||xx |||||||||||||| ||und||
020 _a9788189866945
040 _coclc
082 _a333.79
_bRAN/E
100 _aRana, S V S
_94973
245 0 _aEnergy Ecology And Environment /
_cS V S Rana
260 _bI.K.International,
_c2008.
_aNew Delhi:
300 _a164p
650 _aBotany
942 _cBK
_2ddc
_h333.79
_iRAN/E
_k333.79
_mRAN/E
999 _c1778
_d1778